Bohemian Rhapsody La historia de Freddie Mercury /

'Bohemian Rhapsody' es una celebración del grupo Queen, de su música y de su singular cantante Freddie Mercury, que desafió estereotipos para convertirse en uno de los showmans más queridos del mundo. El film plasma el meteórico ascenso de la banda al olimpo de la música a través de sus ic...

Descripción completa

Guardado en:
Autor Principal: Singer, Bryan.
Autor Corporativo: 20th Century Fox.
Otros Autores: Malek, Rami; Reparto., Boynton, Lucy; Reparto., Lee, Gwilym; Reparto.
Formato: Deslizar
Idioma:Undetermined
Publicado: Reino Unido : 20th Century Fox, 2018.
Materias:
Etiquetas: Agregar Etiqueta
Sin Etiquetas, Sea el primero en etiquetar este registro!
LEADER 01801ngm a22002775a 4500
001 CEM.cems021013
008 240412s2018####xx#---############vlund#d
005 20240826142255.0
245 1 0 |a Bohemian Rhapsody  |h [videograbación] :  |b La historia de Freddie Mercury /  |c Bryan Singer. 
260 |a Reino Unido :  |b 20th Century Fox,  |c 2018. 
300 |a 135'. 
520 |a 'Bohemian Rhapsody' es una celebración del grupo Queen, de su música y de su singular cantante Freddie Mercury, que desafió estereotipos para convertirse en uno de los showmans más queridos del mundo. El film plasma el meteórico ascenso de la banda al olimpo de la música a través de sus icónicas canciones y su revolucionario sonido, su crisis cuando el estilo de vida de Mercury estuvo fuera de control, y su triunfal reunión en la víspera del Live Aid, en la que Mercury, mientras sufría una enfermedad que amenazaba su vida, lidera a la banda en uno de los conciertos de rock más grandes de la historia. Refleja asimismo cómo se cimentó el legado de una banda que siempre se pareció más a una familia, y que continúa inspirando soñadores y amantes de la música hasta nuestros días. 
590 |a Identificación anterior: 415 
538 |a Soporte: DVD - Formato: DVD – Peso: 4.35gb - Resolución: 720 x 480 - 29.97fps 
500 |a Título original: Bohemian Rhapsody - Idioma original: Inglés - Subtítulos: Español. 
100 1 |a Singer, Bryan. 
700 1 |a Malek, Rami; Reparto. 
700 1 |a Boynton, Lucy; Reparto. 
700 1 |a Lee, Gwilym; Reparto. 
710 2 |a 20th Century Fox. 
653 |a LARGOMETRAJE 
653 |a FICCION 
653 |a QUEEN 
653 |a FREDDIE MERCURY 
653 |a RAPSODIA BOHEMIA 
859 |a CEMS  |b BIB. CEMS - Depto. Recursos Didacticos  |h 778.5  |i SIN-1  |k DRD  |p 3349.24  |t Ej.1